|
|
|
|
| LEADER |
00859nam a2200205 i 4500 |
| 001 |
c000026257 |
| 003 |
CARM |
| 005 |
00000000000000.0 |
| 008 |
840912s1968 ve 0 eng d |
| 019 |
1 |
|
|a 9249068
|5 LACONCORD2021
|
| 035 |
|
|
|a (OCoLC)1521363
|5 LACONCORD2021
|
| 082 |
0 |
4 |
|a 339.42/0987/7
|
| 110 |
2 |
0 |
|a Banco Central de Venezuela.
|
| 245 |
1 |
0 |
|a Estudio sobre presupuestos familiares en el area metropolitana de Caracas para la elaboracion de un indice de costo de vida.
|
| 260 |
|
|
|a Caracas,
|c 1968.
|
| 300 |
|
|
|a 165 p. :
|b illus. (fold. map in pocket).
|
| 650 |
|
0 |
|a Cost and standards of living
|z Venezuela
|z Caracas.
|
| 852 |
8 |
|
|b CARM
|h A2:AF12F0
|i C01377
|p 0076606
|f BK
|
| 999 |
f |
f |
|i 3fc0b9e9-36cd-5c18-ba79-db5c8149087f
|s fefb4341-c2e4-56e3-bae1-94416771eb85
|
| 952 |
f |
f |
|p Can circulate
|a CAVAL
|b CAVAL
|c CAVAL
|d CARM 1 Store
|e C01377
|f A2:AF12F0
|h Other scheme
|i book
|m 0076606
|